| 000 | 00912nam a2200253 i 4500 | ||
|---|---|---|---|
| 001 | 9119 | ||
| 003 | ES-MaACL | ||
| 005 | 20250811220405.0 | ||
| 008 | 930518s1992 sp ||||1| spa d | ||
| 020 | _a84-7100-417-8 | ||
| 080 | _a7(460) | ||
| 080 | _a7(8=60) | ||
| 245 | 0 | 0 |
_aInfluencias artísticas entre España y América / _cJosé Enrique García Melero (coordinador) ; [autores] Paz Cabello Carro ... [et al.]. |
| 260 |
_aMadrid : _bMAPFRE, _c1992. |
||
| 300 |
_a421 p. : il ; _c23 cm. |
||
| 490 | 1 |
_aRelaciones entre España y América ; _v7 |
|
| 650 | 1 | 4 |
_aArte español- _xInfluencia- _zAmérica española. _910196 |
| 650 | 7 |
_aArte colonial _2embne _9169301 |
|
| 700 | 1 |
_aGarcía Melero, José Enrique. _954931 |
|
| 700 | 1 |
_aCabello Carro, Paz. _933173 |
|
| 830 | 1 | 0 |
_aColección Relaciones entre España y América _v7 _9179037 |
| 852 |
_aES-MaACL _jL-16655 |
||
| 999 |
_c9119 _d9119 |
||